Spracovanie informačných zdrojov v multidimenzionálnom priestore dát pomocou Projektívnej ART neurónovej siete

Salvato in:
Dettagli Bibliografici
Autore principale: Krakovský, Roman (Autore)
Altri autori: Mokriš, Igor (Relatore della tesi)
Natura: Manoscritto Libro
Lingua:slovacco
Pubblicazione: 2015
Soggetti:
Accesso online:http://is.stuba.sk/zp/portal_zp.pl?podrobnosti=55184
Tags: Aggiungi Tag
Nessun Tag, puoi essere il primo ad aggiungerne!!

MARC

LEADER 00000ntm a22000003a 4500
001 stuzp28714
003 SK-STU
005 20180423134650.7
007 ta
008 150427s2015----xo-----f-mn---000-0-slo-d
040 |a STU  |b slo 
041 0 |a slo 
100 1 |a Krakovský, Roman  |u 07  |4 aut  |U 07  |X 53399  |U 07  |Y 07  |7 53399 
242 0 1 |a Processing of Information in multidimensional data space by Projective ART neural network  |y eng 
245 1 0 |a Spracovanie informačných zdrojov v multidimenzionálnom priestore dát pomocou Projektívnej ART neurónovej siete 
260 |c 2015 
650 4 |a Projektívna ART neurónová sieť  |2 slo 
650 4 |a zhlukovanie  |2 slo 
650 4 |a parameter bdelosti  |2 slo 
650 4 |a naviazaný neurón  |2 slo 
650 4 |a multidimenzionálne dáta  |2 slo 
650 4 |a Projective ART neural network  |2 eng 
650 4 |a clustering  |2 eng 
650 4 |a vigilance parameter  |2 eng 
650 4 |a committed neuron  |2 eng 
650 4 |a multidimensional data  |2 eng 
700 1 |a Mokriš, Igor  |4 ths  |X 61890  |7 61890 
856 4 |u http://is.stuba.sk/zp/portal_zp.pl?podrobnosti=55184 
SQL |a stuzp28714  |b DDZ  |c SLO  |d Spracovanie informačných zdrojov v multidimenzionálnom priestore dát pomocou Projektívnej ART neurónovej siete  |e 53399  |f Krakovský, Roman  |g 07  |h 61890  |i Mokriš, Igor  |j 20150824  |k 213  |l 07  |m http://is.stuba.sk/zp/portal_zp.pl?podrobnosti=55184  |n D-AI  |o 9.2.9. aplikovaná informatika